20 Country Tripoints closest to Wellington - Statistics

General Stats
  • This quiz has been taken 29 times
  • The average score is 14 of 20
Answer Stats
D (km) TRIPOINT % Correct
9,417 CAMB LAO THA
86%
9,268 CAMB LAO VIE
86%
10,274 CHIN LAO VIE
86%
11,576 CHIN MONG RUS (E)
86%
10,278 CHIN NORT RUS
86%
10,442 ARG BRA URU
82%
10,970 BAN BURM INDI
77%
11,458 BHU CHIN INDI (E)
77%
11,027 ARG BRA PAR
73%
10,744 BOL CHIL PER
73%
10,272 BURM LAO THA
73%
10,471 ARG BOL CHIL
68%
10,823 ARG BOL PAR
64%
11,266 BOL BRA PER
64%
11,293 BOL BRA PAR
59%
11,066 BURM CHIN INDI
55%
10,285 BURM CHIN LAO
50%
11,635 MOZ S.AFR SWA (N)
41%
11,541 MOZ S.AFR SWA (S)
41%
11,541 ELS GUA HON
23%
No matching quizzes found
Score Distribution
Percent of People with Each Score
Percentile by Number Answered
Your Score History
You have not taken this quiz